| 000 | 00528nam a2200181 i 4500 | ||
|---|---|---|---|
| 001 | 92473 | ||
| 003 | ES-MaACL | ||
| 005 | 20230906180958.0 | ||
| 007 | t| | ||
| 008 | 050308s1959 sp ||||1| spa d | ||
| 100 | 1 |
_aLindsay, J. E. _972419 |
|
| 245 | 1 | 4 |
_aLos transistores y sus aplicaciones / _cpor J. E. Lindsay. |
| 250 | _a[1ยช ed.]. | ||
| 260 |
_a[Madrid : _bEscuelas Internacionales], _c[1959] |
||
| 300 |
_a67 p. : _bil. ; _c19 cm. |
||
| 710 | 2 |
_aEscuelas Internacionales. _93618 |
|
| 852 |
_aES-MaACL _jC-19718 _bR.45861 |
||
| 999 |
_c92473 _d92473 |
||